Modelovanie bilancie povrchových vôd rozšírené o simulovanie podzemných vôd

Modelovanie retrospektívnej kvantitatívnej vodohospodárskej bilancie povrchových vôd povodia rieky Hron. Rozšírenie modelovania o simuláciu podzemných vôd, jej odberov, vzájomný vzťah s povrchovými vodami a vplyv na kvantitatívnu hospodársku bilanciu povrchových vôd.

Gespeichert in:
Bibliographische Detailangaben
1. Verfasser: Kandera, Miroslav
Format: Buchkapitel
Sprache:Slowakisch
Schlagworte:
Tags: Tag hinzufügen
Keine Tags, Fügen Sie das erste Tag hinzu!

MARC

LEADER 00000naa a2200000 4500
001 0287078
005 20240417075212.5
041 0 |a slo 
044 |a SK 
245 1 0 |a Modelovanie bilancie povrchových vôd rozšírené o simulovanie podzemných vôd  |c Miroslav Kandera 
520 |a Modelovanie retrospektívnej kvantitatívnej vodohospodárskej bilancie povrchových vôd povodia rieky Hron. Rozšírenie modelovania o simuláciu podzemných vôd, jej odberov, vzájomný vzťah s povrchovými vodami a vplyv na kvantitatívnu hospodársku bilanciu povrchových vôd. 
610 2 0 |a modelovanie 
610 2 0 |a bilancie 
610 2 0 |a voda 
610 2 0 |a voda podzemná 
610 2 0 |a voda povrchová 
610 2 0 |a simulácia 
100 1 |a Kandera, Miroslav